[Event "Int. Stuttgarter Stadtmeisterschaft A"]
[Site "Ditzingen"]
[Date "2014.05.31"]
[Round "6.24"]
[White "Jerie, Sven"]
[Black "Auterhoff, Jürgen"]
[Result "1-0"]
[WhiteElo "2091"]
[BlackElo "1814"]
[PlyCount "73"]
[EventDate "2014.??.??"]
[WhiteTeam "SG Ludwigsburg 1919"]
[BlackTeam "SC Pasing von 1948 e.V."]

1. e4 e5 2. Nf3 Nf6 3. Nxe5 d6 4. Nf3 Nxe4 5. d4 d5 6. Bd3 Bf5 7. O-O Be7 8.
Re1 Nc6 9. Nc3 Nxc3 10. bxc3 Bxd3 11. cxd3 O-O 12. Rb1 b6 13. Qa4 Na5 14. Bf4
Nb7 15. Qc6 Bd6 16. Bxd6 Nxd6 17. Qxd5 Re8 18. Rxe8+ Nxe8 19. Qc6 Nf6 20. c4
Rb8 21. h3 Qd7 22. Qxd7 Nxd7 23. Re1 Kf8 24. Ne5 Nxe5 25. Rxe5 Rd8 26. d5 f6
27. Re6 Kf7 28. Kf1 Rd7 29. Ke2 a5 30. Kd2 Re7 31. Rc6 Rd7 32. Kc3 Kg6 33. d6
Rxd6 34. Rxd6 cxd6 35. Kd4 Kf7 36. Kd5 a4 37. Kxd6 1-0

[Event "Int. Stuttgarter Stadtmeisterschaft A"]
[Site "Ditzingen"]
[Date "2014.05.31"]
[Round "6.25"]
[White "Gabriel, Josef"]
[Black "Novak, Josua"]
[Result "1-0"]
[WhiteElo "2072"]
[BlackElo "1914"]
[PlyCount "71"]
[EventDate "2014.??.??"]
[WhiteTeam "Stuttgarter SF 1879"]
[BlackTeam "TSV Münchingen"]

1. e4 c5 2. Nf3 g6 3. c3 Bg7 4. d3 Nc6 5. g3 e5 6. Bg2 d6 7. O-O Nge7 8. a4 O-O
9. Na3 h6 10. Be3 Be6 11. Qd2 Na5 12. Qe2 Nb3 13. Rad1 Qd7 14. Nc4 Rfd8 15. Qc2
b5 16. Qxb3 bxc4 17. dxc4 Rab8 18. Qa2 Qb7 19. Bc1 Qxe4 20. Nd4 Qg4 21. h3 Qh5
22. Nxe6 fxe6 23. b4 e4 24. bxc5 Qxc5 25. Bxe4 Bxc3 26. Bxh6 Rb2 27. Qa1 Be5
28. Qc1 Rdb8 29. Qg5 Rxf2 30. Rxf2 Rb2 31. Rdf1 Bd4 32. Qxe7 Rxf2 33. Rxf2
Bxf2+ 34. Kg2 Qd4 35. Qe8+ Kh7 36. Qxg6+ 1-0

[Event "Int. Stuttgarter Stadtmeisterschaft A"]
[Site "Ditzingen"]
[Date "2014.05.31"]
[Round "6.26"]
[White "Sand, Rolf"]
[Black "Koch, Martin"]
[Result "0-1"]
[WhiteElo "1946"]
[BlackElo "2066"]
[PlyCount "134"]
[EventDate "2014.??.??"]
[WhiteTeam "SV T�bingen 1870 e.V."]
[BlackTeam "SC Schachmatt Botnang"]

1. c4 e5 2. g3 Nf6 3. Bg2 Nc6 4. Nc3 Bb4 5. Nd5 d6 6. Nf3 O-O 7. O-O Bc5 8. d3
h6 9. Nxf6+ Qxf6 10. Nd2 Qe7 11. Ne4 Bb6 12. Nc3 Be6 13. Nd5 Qd7 14. Rb1 Bh3
15. b4 Bxg2 16. Kxg2 Ne7 17. Nxe7+ Qxe7 18. a4 c6 19. a5 Bc7 20. e4 Qe6 21. f4
f5 22. exf5 Qxf5 23. fxe5 Qxe5 24. Bb2 Qg5 25. Qe2 Rfe8 26. Qf2 Re7 27. Rbe1
Rae8 28. Rxe7 Qxe7 29. Bd4 a6 30. Bc3 Qe2 31. Qxe2 Rxe2+ 32. Rf2 Rxf2+ 33. Kxf2
g6 34. Kf3 Kf7 35. g4 d5 36. h3 Ke6 37. Bd2 h5 38. Bf4 Bd8 39. Be3 dxc4 40.
dxc4 Ke5 41. Bc5 Bg5 42. gxh5 gxh5 43. Be3 Be7 44. Bd2 Kd4 45. c5 Kd3 46. Be1
Bf6 47. Kf4 Bc3 48. Bxc3 Kxc3 49. Kg5 Kxb4 50. Kxh5 Kxc5 51. Kg4 Kb4 52. h4 c5
53. h5 c4 54. h6 c3 55. h7 c2 56. h8=Q c1=Q 57. Qd8 Qc4+ 58. Kf5 Qc5+ 59. Kf4
Kb5 60. Kg4 Qb4+ 61. Kf3 Qc3+ 62. Kf4 Qxa5 63. Qd7+ Kc5 64. Qxb7 Qb4+ 65. Qxb4+
Kxb4 66. Ke4 a5 67. Kd3 Kb3 0-1

[Event "Int. Stuttgarter Stadtmeisterschaft A"]
[Site "Ditzingen"]
[Date "2014.05.31"]
[Round "6.27"]
[White "Müller, Anja"]
[Black "Baskin, Robert"]
[Result "1/2-1/2"]
[WhiteElo "1967"]
[BlackElo "2205"]
[PlyCount "50"]
[EventDate "2014.??.??"]
[WhiteTeam "SC Ingersheim e.V."]
[BlackTeam "SAbt TuS Makkabi Ffm"]

1. d4 Nf6 2. c4 g6 3. Nc3 Bg7 4. e4 d6 5. f3 O-O 6. Be3 Nc6 7. Nge2 a6 8. Qd2
Rb8 9. Nc1 e5 10. d5 Nd4 11. Nb3 Nxb3 12. axb3 c5 13. Bd3 Nh5 14. Ne2 f5 15.
Kd1 b5 16. cxb5 axb5 17. b4 c4 18. Bc2 fxe4 19. Bxe4 Nf6 20. Nc3 Bd7 21. Kc2
Ra8 22. Ra7 Rxa7 23. Bxa7 Qc7 24. Ra1 Ra8 25. Qf2 Qb7 1/2-1/2

[Event "Int. Stuttgarter Stadtmeisterschaft A"]
[Site "Ditzingen"]
[Date "2014.05.31"]
[Round "6.28"]
[White "Zeh, Dominik"]
[Black "Einwiller, Dieter"]
[Result "1/2-1/2"]
[WhiteElo "1934"]
[BlackElo "2146"]
[PlyCount "73"]
[EventDate "2014.??.??"]
[WhiteTeam "Stuttgarter SF 1879"]
[BlackTeam "SF Pfullingen"]

1. d4 d5 2. c4 c6 3. Nc3 Nf6 4. Nf3 e6 5. e3 Nbd7 6. Bd3 Bd6 7. O-O O-O 8. Qc2
h6 9. Rd1 Qe7 10. e4 dxc4 11. Bxc4 e5 12. d5 Nb6 13. Bb3 Bg4 14. Qe2 cxd5 15.
Nxd5 Nbxd5 16. Bxd5 Nxd5 17. Rxd5 Be6 18. Rd1 Rfc8 19. Be3 a5 20. Qd3 Ra6 21.
a3 Bg4 22. Rac1 Rac6 23. Rxc6 Rxc6 24. Rc1 Qc7 25. Rxc6 Qxc6 26. Ne1 Be6 27. f3
Bc4 28. Qc3 a4 29. Nc2 Qb5 30. Nb4 Bc5 31. Kf2 Bxe3+ 32. Qxe3 Qd7 33. Qc3 b5
34. Nc2 f6 35. Ne3 Be6 36. Ke2 Kh7 37. Qd3 1/2-1/2

[Event "Int. Stuttgarter Stadtmeisterschaft A"]
[Site "Ditzingen"]
[Date "2014.05.31"]
[Round "6.29"]
[White "Streicher, Traugott"]
[Black "Schwab, Matthias"]
[Result "0-1"]
[WhiteElo "1920"]
[BlackElo "2102"]
[PlyCount "32"]
[EventDate "2014.??.??"]
[WhiteTeam "TSG Steinheim"]
[BlackTeam "SC Böblingen 1975 e.V."]

1. e4 d6 2. d4 Nf6 3. Nc3 g6 4. f4 Bg7 5. e5 dxe5 6. fxe5 Nd5 7. Ne4 O-O 8. Nf3
Bf5 9. Ng3 Bg4 10. c3 c5 11. Be2 cxd4 12. cxd4 Qa5+ 13. Bd2 Qb6 14. Qb3 Qxb3
15. axb3 Nc6 16. Ra4 Nb6 0-1

[Event "Int. Stuttgarter Stadtmeisterschaft A"]
[Site "Ditzingen"]
[Date "2014.05.31"]
[Round "6.30"]
[White "Cummings, Orlyn"]
[Black "Hoeschele, Hans-Ulrich"]
[Result "1/2-1/2"]
[WhiteElo "1873"]
[BlackElo "2095"]
[PlyCount "97"]
[EventDate "2014.??.??"]
[WhiteTeam "SC Ingersheim e.V."]
[BlackTeam "Stuttgarter SF 1879"]

1. e4 e5 2. Nf3 Nc6 3. Bb5 a6 4. Ba4 Nf6 5. O-O b5 6. Bb3 Be7 7. Re1 d6 8. c3
O-O 9. h3 Na5 10. Bc2 c5 11. d4 Qc7 12. d5 Bd7 13. b3 c4 14. b4 Nb7 15. Nbd2 a5
16. Nf1 axb4 17. cxb4 Ne8 18. Ng3 g6 19. Bh6 Ng7 20. Nh2 Ra3 21. Re3 Rfa8 22.
Rxa3 Rxa3 23. Qc1 Ra8 24. a3 Nd8 25. Ng4 Bxg4 26. hxg4 f6 27. Be3 Nf7 28. Qd2
Qd7 29. f3 Ne8 30. Ne2 Qb7 31. Qe1 Bd8 32. Qf2 Ra6 33. Nc3 Nc7 34. Qd2 Ra8 35.
Qf2 Na6 36. Rb1 Rc8 37. Kf1 Rb8 38. Ra1 Ra8 39. Rb1 Rb8 40. Ba7 Bb6 41. Bxb6
Qxb6 42. Qxb6 Rxb6 43. Kf2 Nd8 44. g3 Kf8 45. Rh1 Rb7 46. Ke3 Kg7 47. Kd2 Nf7
48. Ke3 Nc7 49. Ke2 1/2-1/2

[Event "Int. Stuttgarter Stadtmeisterschaft A"]
[Site "Ditzingen"]
[Date "2014.05.31"]
[Round "6.31"]
[White "Andreev, Vlad"]
[Black "Cummings, Nicolai"]
[Result "1/2-1/2"]
[WhiteElo "2046"]
[BlackElo "1957"]
[PlyCount "30"]
[EventDate "2014.??.??"]
[WhiteTeam "SF Pfullingen"]
[BlackTeam "SC Ingersheim e.V."]

1. c4 d5 2. d4 dxc4 3. e3 e6 4. Bxc4 Nf6 5. Nf3 c5 6. O-O a6 7. Nc3 b5 8. Bd3
Bb7 9. b3 Nbd7 10. Qe2 Be7 11. Rd1 Qb8 12. Bb2 O-O 13. Rac1 Rd8 14. Bb1 Qa7 15.
h3 Rac8 1/2-1/2

[Event "Int. Stuttgarter Stadtmeisterschaft A"]
[Site "Ditzingen"]
[Date "2014.05.31"]
[Round "6.32"]
[White "Schuster, Gerhard"]
[Black "Zeller, Elisa"]
[Result "0-1"]
[WhiteElo "2045"]
[BlackElo "1921"]
[PlyCount "96"]
[EventDate "2014.??.??"]
[WhiteTeam "SC Feuerbach e. V."]
[BlackTeam "SF 1876 G�ppingen"]

1. e4 e6 2. d4 d5 3. Nc3 Bb4 4. e5 c5 5. a3 Bxc3+ 6. bxc3 Ne7 7. Nf3 b6 8. Bb5+
Bd7 9. Bd3 Ba4 10. O-O c4 11. Be2 h6 12. Ne1 Nbc6 13. f4 Kd7 14. g4 g6 15. Ng2
Qg8 16. Ne3 Rf8 17. Bd2 Kc7 18. Be1 Qh7 19. f5 g5 20. Bg3 Kb7 21. Qd2 Na5 22.
Rf2 Nec6 23. Raf1 Qg7 24. Bf3 Nd8 25. Bg2 Bc6 26. fxe6 fxe6 27. Rf6 Kc8 28. Qf2
Rxf6 29. exf6 Qf8 30. Nf5 exf5 31. Qxf5+ Kb7 32. Bxd5 Bxd5 33. Qd7+ Ka6 34.
Qxd5 Qf7 35. Qf5 Qe6 36. d5 Qxf5 37. Rxf5 Nab7 38. d6 Rf8 39. Kf2 Nf7 40. Rd5
Nfxd6 41. Ke3 Rxf6 42. Kd4 Nb5+ 43. Ke5 Rc6 44. Rd1 Nxc3 45. Rf1 Nc5 46. Be1
Re6+ 47. Kf5 N3e4 48. Rh1 Nd6# 0-1

[Event "Int. Stuttgarter Stadtmeisterschaft A"]
[Site "Ditzingen"]
[Date "2014.05.31"]
[Round "6.33"]
[White "Bissbort, Julian"]
[Black "Martin, Richard"]
[Result "1-0"]
[WhiteElo "2042"]
[BlackElo "1857"]
[PlyCount "55"]
[EventDate "2014.??.??"]
[WhiteTeam "Heilbronner SV"]
[BlackTeam "SV Unterkochen"]

1. e4 c5 2. c3 Nf6 3. e5 Nd5 4. d4 cxd4 5. cxd4 Nc6 6. Nc3 Nxc3 7. bxc3 e6 8.
f4 d6 9. Nf3 b6 10. Ba3 dxe5 11. Bxf8 Rxf8 12. fxe5 Bb7 13. Bd3 h6 14. O-O Rc8
15. Rc1 Na5 16. Qe2 Bd5 17. Nd2 Bb7 18. Bb5+ Ke7 19. Qg4 Qd5 20. c4 Qd8 21. d5
exd5 22. Qxg7 Bc6 23. Rcd1 Bxb5 24. cxb5 Ke8 25. Ne4 dxe4 26. Rxd8+ Rxd8 27. e6
f5 28. e7 1-0

[Event "Int. Stuttgarter Stadtmeisterschaft A"]
[Site "Ditzingen"]
[Date "2014.05.31"]
[Round "6.34"]
[White "Willems, Sebastian"]
[Black "Klaus, Dominik"]
[Result "1/2-1/2"]
[WhiteElo "2006"]
[BlackElo "1931"]
[PlyCount "47"]
[EventDate "2014.??.??"]
[WhiteTeam "SC Böblingen 1975 e.V."]
[BlackTeam "Ssg Fils-Lauter e. V."]

1. c4 c5 2. g3 Nf6 3. Bg2 d5 4. cxd5 Nxd5 5. Nc3 Nb6 6. Nf3 Nc6 7. O-O e6 8. d3
Be7 9. Be3 O-O 10. Rc1 Nd7 11. Nd2 Nd4 12. Nb3 Nxb3 13. Qxb3 Rb8 14. Rfd1 e5
15. Nd5 b6 16. Qa3 a6 17. Bd2 Bd6 18. b4 Bb7 19. bxc5 Bxc5 20. Bb4 Bxd5 21.
Bxd5 Bxb4 22. Qxb4 Nc5 23. Bg2 a5 24. Qb5 1/2-1/2

[Event "Int. Stuttgarter Stadtmeisterschaft A"]
[Site "Ditzingen"]
[Date "2014.05.31"]
[Round "6.35"]
[White "Dölker, Kai"]
[Black "Gheng, Simona"]
[Result "1-0"]
[WhiteElo "1907"]
[BlackElo "1988"]
[PlyCount "117"]
[EventDate "2014.??.??"]
[WhiteTeam "SV Stuttgart-Wolfbusch 1956 e.V."]
[BlackTeam "TSV Schönaich"]

1. f4 c5 2. Nf3 d6 3. e3 Nf6 4. b3 g6 5. Bb2 Bg7 6. Be2 Nc6 7. O-O O-O 8. h3 a6
9. a4 d5 10. d3 Bd7 11. Ne5 d4 12. Nxc6 Bxc6 13. e4 Nd7 14. Nd2 Bh6 15. e5 Nb6
16. Ne4 Nd5 17. Bc1 b6 18. Qe1 f6 19. Qh4 Bg7 20. f5 Nc3 21. Nxc3 dxc3 22. fxg6
hxg6 23. exf6 exf6 24. Bf3 Bxf3 25. Rxf3 Qd4+ 26. Qf2 Qxf2+ 27. Kxf2 Rfe8 28.
Bf4 f5 29. Re1 Kf7 30. g4 Bd4+ 31. Be3 Rxe3 32. Rexe3 Kf6 33. Kg3 Bxe3 34. Rxe3
Rd8 35. gxf5 gxf5 36. Kf4 Rd4+ 37. Kf3 Rh4 38. Kg2 Rb4 39. Re8 Kg5 40. Kg3 b5
41. axb5 axb5 42. Rc8 c4 43. dxc4 bxc4 44. Rxc4 Rb8 45. Rxc3 Rh8 46. Rc5 Re8
47. h4+ Kf6 48. Kf3 Re4 49. Rc4 Re1 50. b4 Rf1+ 51. Ke3 Ke5 52. Rc5+ Kf6 53.
Rc6+ Ke5 54. b5 Rh1 55. Rc4 Rh3+ 56. Kf2 f4 57. b6 Rh1 58. Rc3 Rh2+ 59. Kg1 1-0

[Event "Int. Stuttgarter Stadtmeisterschaft A"]
[Site "Ditzingen"]
[Date "2014.05.31"]
[Round "6.36"]
[White "Unger, Franz"]
[Black "Heeke, Guido"]
[Result "1-0"]
[WhiteElo "1969"]
[BlackElo "1907"]
[PlyCount "59"]
[EventDate "2014.??.??"]
[WhiteTeam "SK Sachsenheim"]
[BlackTeam "SV Letmathe 1933 e.V."]

1. e4 e6 2. d4 d5 3. Nc3 Nf6 4. e5 Nfd7 5. f4 a6 6. Nf3 c5 7. Be3 Nc6 8. Qd2 b5
9. a3 cxd4 10. Nxd4 Nxd4 11. Bxd4 Nb8 12. Bd3 Nc6 13. Bf2 Be7 14. O-O O-O 15.
Rae1 g6 16. Ne2 Qc7 17. Kh1 Bb7 18. Nd4 Na5 19. f5 exf5 20. Qh6 Rfe8 21. Nxf5
Bf8 22. Qg5 Re6 23. Nd4 Ree8 24. e6 f6 25. Qxf6 Qe7 26. Qf4 Bg7 27. Bh4 Qc5 28.
Qf7+ Kh8 29. Bf6 Rg8 30. e7 1-0

[Event "Int. Stuttgarter Stadtmeisterschaft A"]
[Site "Ditzingen"]
[Date "2014.05.31"]
[Round "6.37"]
[White "Steinhart, Christoph"]
[Black "Viehoff, J�rgen"]
[Result "1-0"]
[WhiteElo "1967"]
[BlackElo "1848"]
[PlyCount "107"]
[EventDate "2014.??.??"]
[WhiteTeam "TSV Sch�naich"]
[BlackTeam "SC Stetten a.d.F."]

1. e4 c6 2. d4 d5 3. exd5 cxd5 4. c4 Nf6 5. Nc3 e6 6. Nf3 Be7 7. a3 O-O 8. cxd5
Nxd5 9. Bd3 b6 10. Qc2 h6 11. h4 Bb7 12. Bxh6 gxh6 13. Qd2 Kg7 14. Rh3 Bd6 15.
Ne5 Bxe5 16. dxe5 Rh8 17. Ne4 Ba6 18. Bxa6 Nxa6 19. Qe2 Nc5 20. Nd6 Kf8 21. Qh5
Rh7 22. Rf3 Qd7 23. Rd1 Nb7 24. Nxb7 Qxb7 25. Qg6 Rg7 26. Qxe6 Rxg2 27. Rxd5
Rg1+ 28. Kd2 Rg6 29. Qd7 Qxd7 30. Rxd7 Rg7 31. e6 Ke8 32. Rfxf7 Rxf7 33. Rxf7
Rd8+ 34. Rd7 Rc8 35. Rh7 Rc4 36. Rxh6 Ke7 37. Rh7+ Kxe6 38. Rxa7 Rxh4 39. Rb7
Rd4+ 40. Kc3 Rd6 41. Kc4 Rc6+ 42. Kb5 Rc5+ 43. Ka6 Rf5 44. Rxb6+ Kd7 45. b4
Rxf2 46. a4 Ra2 47. a5 Kc8 48. Ka7 Rc2 49. Rb8+ Kc7 50. Rb7+ Kc8 51. b5 Rc5 52.
a6 Re5 53. b6 Re6 54. Rh7 1-0

[Event "Int. Stuttgarter Stadtmeisterschaft A"]
[Site "Ditzingen"]
[Date "2014.05.31"]
[Round "6.38"]
[White "Schumann, Kai"]
[Black "Pfeifer, Wilfried"]
[Result "1/2-1/2"]
[WhiteElo "2044"]
[BlackElo "2053"]
[PlyCount "28"]
[EventDate "2014.??.??"]
[WhiteTeam "SG Königskinder Hohentübingen e."]
[BlackTeam "TSF Ditzingen"]

1. d4 f5 2. c4 Nf6 3. Nc3 g6 4. g3 Bg7 5. Bg2 O-O 6. Nf3 d6 7. O-O Qe8 8. d5
Na6 9. Be3 c6 10. Qd2 Ng4 11. Bd4 Bf6 12. Ng5 c5 13. Be3 Nxe3 14. Qxe3 Nc7
1/2-1/2

[Event "Int. Stuttgarter Stadtmeisterschaft A"]
[Site "Ditzingen"]
[Date "2014.05.31"]
[Round "6.39"]
[White "Wohlfahrt, Michael"]
[Black "Altimira, Jordi"]
[Result "1-0"]
[WhiteElo "1834"]
[BlackElo "1866"]
[PlyCount "103"]
[EventDate "2014.??.??"]
[WhiteTeam "TSF Welzheim"]
[BlackTeam "SV Rottweil"]

1. e4 e5 2. Nf3 Nc6 3. Bc4 Bc5 4. c3 Nf6 5. d4 exd4 6. e5 d5 7. Bb5 Ne4 8. cxd4
Bb4+ 9. Bd2 Nxd2 10. Nbxd2 O-O 11. a3 Ba5 12. b4 Bb6 13. Nb3 Ne7 14. O-O c6 15.
Be2 Ng6 16. a4 Nf4 17. a5 Nxe2+ 18. Qxe2 Bc7 19. Qc2 Bg4 20. Nbd2 a6 21. h3 Bh5
22. Nh2 Bg6 23. Qc3 f6 24. f4 fxe5 25. fxe5 Qe7 26. Nhf3 Rf7 27. Rfe1 Raf8 28.
Re3 Bf5 29. Nb3 Bc8 30. Nc5 Bb8 31. Kh2 Rf6 32. Ng1 Rf5 33. Rd1 R8f6 34. Rg3
Rxe5 35. dxe5 Bxe5 36. Re1 d4 37. Qb3+ Kf8 38. Kh1 Qd6 39. Rf3 Bf5 40. Rxe5
Qxe5 41. Rxf5 Qxf5 42. Nf3 Ke7 43. Qg8 Rf7 44. Qb8 Qd5 45. Qxb7+ Kf6 46. Qxa6
Kg6 47. Qxc6+ Qxc6 48. Ne5+ Kh5 49. Nxc6 Rf4 50. a6 Kh4 51. Kh2 g5 52. g3+ 1-0

[Event "Int. Stuttgarter Stadtmeisterschaft A"]
[Site "Ditzingen"]
[Date "2014.05.31"]
[Round "6.40"]
[White "Schmidt, Markus"]
[Black "Marano, Salvatore"]
[Result "0-1"]
[WhiteElo "1904"]
[BlackElo "1943"]
[PlyCount "76"]
[EventDate "2014.??.??"]
[WhiteTeam "Stuttgarter SF 1879"]
[BlackTeam "Scaccoclub Tedsa Canauano Giarre"]

1. e4 g6 2. d3 d5 3. Nd2 Bg7 4. Ngf3 e5 5. exd5 Qxd5 6. g3 Nc6 7. Bg2 Nge7 8.
O-O O-O 9. Re1 Qd8 10. Nc4 f6 11. h3 Be6 12. Ne3 Qd7 13. g4 Rad8 14. Nf1 f5 15.
Ng5 Bd5 16. Bxd5+ Nxd5 17. Nh2 h6 18. Ngf3 g5 19. Kh1 fxg4 20. hxg4 Nf6 21.
Nxe5 Qd5+ 22. Qf3 Nxe5 23. Qxd5+ Nxd5 24. Kg2 Nb4 25. Re2 Ng6 26. a3 Nd5 27.
Re4 Rde8 28. Rb1 c5 29. Bd2 Nf6 30. Rc4 b6 31. b4 Ne5 32. Rc3 Nfxg4 33. Be3
Nxh2 34. bxc5 Nhg4 35. cxb6 axb6 36. Rxb6 Nxe3+ 37. fxe3 Ng4 38. Rc7 Rxe3 0-1

[Event "Int. Stuttgarter Stadtmeisterschaft A"]
[Site "Ditzingen"]
[Date "2014.05.31"]
[Round "6.41"]
[White "Engelhardt, Frank"]
[Black "Braun, Rüdiger-Thomas"]
[Result "0-1"]
[WhiteElo "1884"]
[BlackElo "1935"]
[PlyCount "94"]
[EventDate "2014.??.??"]
[WhiteTeam "SC Schachmatt Botnang"]
[BlackTeam "SF Birkenfeld"]

1. e4 c5 2. Nf3 d6 3. Bb5+ Nd7 4. d4 cxd4 5. Nxd4 a6 6. Bxd7+ Bxd7 7. c4 Nf6 8.
Nc3 g6 9. O-O Bg7 10. Be3 O-O 11. f3 Rc8 12. Qe2 Qc7 13. Nd5 Nxd5 14. cxd5 Bxd4
15. Bxd4 Bb5 16. Qe3 Bxf1 17. Rxf1 Qc4 18. a3 f6 19. h4 h5 20. g4 Kh7 21. Kg2
Qb5 22. Bc3 Qd7 23. Bd2 g5 24. hxg5 Rc2 25. Rh1 Rh8 26. Rxh5+ Kg8 27. Rxh8+
Kxh8 28. Kg3 Kg8 29. gxf6 exf6 30. Bc3 Qh7 31. Qg1 Qh6 32. f4 Re2 33. Kf3 Rh2
34. Ke3 Rh3+ 35. Kd4 Qxf4 36. Kc4 Qxe4+ 37. Bd4 b5+ 38. Kb4 Rd3 39. Ka5 Rxd4
40. b4 Qxd5 41. Qf2 Kg7 42. Qe3 Qe4 43. Qc3 Rc4 44. Qd2 Qc6 45. g5 f5 46. Qb2+
Rc3 47. Qh2 Rxa3# 0-1

[Event "Int. Stuttgarter Stadtmeisterschaft A"]
[Site "Ditzingen"]
[Date "2014.05.31"]
[Round "6.42"]
[White "Litfin, Boris"]
[Black "Paschmann, Stefan"]
[Result "0-1"]
[WhiteElo "1925"]
[BlackElo "1903"]
[PlyCount "70"]
[EventDate "2014.??.??"]
[WhiteTeam "SC Emmendingen 1937 e.V."]
[BlackTeam "Krefelder SK Turm 1851 e"]

1. e4 c6 2. d4 d5 3. Nd2 dxe4 4. Nxe4 Nd7 5. Nf3 Ngf6 6. Nxf6+ Nxf6 7. Ne5 e6
8. Bd3 Be7 9. O-O O-O 10. c4 c5 11. dxc5 Bxc5 12. Kh1 Qc7 13. f4 b6 14. Qe2 Bb7
15. Bd2 a5 16. a3 Bd4 17. Be1 Bc5 18. Rd1 Rad8 19. Bc3 Bd6 20. Bb1 Be7 21. Bd4
Bc5 22. Bc3 Be7 23. Ng4 Rxd1 24. Rxd1 Qxf4 25. Nxf6+ Bxf6 26. Rf1 Qg5 27. Bxf6
gxf6 28. Qf2 Rd8 29. h4 Qg4 30. Bc2 f5 31. b3 Rd4 32. Kg1 Qxh4 33. Qe2 Bxg2 34.
Re1 Rg4 35. Bxf5 Bf3+ 0-1

[Event "Int. Stuttgarter Stadtmeisterschaft A"]
[Site "Ditzingen"]
[Date "2014.05.31"]
[Round "6.43"]
[White "Fahnenschmidt, Gerhard"]
[Black "Santos, Paulo"]
[Result "0-1"]
[WhiteElo "1988"]
[BlackElo "1837"]
[PlyCount "102"]
[EventDate "2014.??.??"]
[WhiteTeam "VfL Sindelfingen"]
[BlackTeam "SC Lechhausen"]

1. c4 Nf6 2. Nc3 d5 3. cxd5 Nxd5 4. e4 Nxc3 5. bxc3 g6 6. d4 Bg7 7. Be3 c5 8.
Qd2 O-O 9. Rd1 Nc6 10. d5 Qa5 11. Ne2 Rd8 12. Bh6 Ne5 13. Bxg7 Kxg7 14. h4 Bg4
15. Qb2 c4 16. h5 Nd3+ 17. Rxd3 cxd3 18. Ng3 Rac8 19. f3 Bd7 20. Kd2 Bb5 21.
hxg6 hxg6 22. Bxd3 Bxd3 23. Kxd3 f6 24. c4 Qc7 25. Ne2 Qxc4+ 26. Ke3 Qc5+ 27.
Kd3 b6 28. Nd4 Qc4+ 29. Kd2 Rh8 30. Ne6+ Kg8 31. Rxh8+ Kxh8 32. g4 Qf1 33. Ke3
Qc1+ 34. Qxc1 Rxc1 35. g5 fxg5 36. e5 Kg8 37. Nxg5 Kf8 38. f4 a5 39. Ne6+ Ke8
40. Nd4 Ra1 41. f5 gxf5 42. Nxf5 Rxa2 43. Kd3 Kd8 44. Kc4 Rb2 45. Kc3 Rb1 46.
Kc2 Rb5 47. d6 Rxe5 48. dxe7+ Rxe7 49. Kb3 Re5 50. Nd4 Kc7 51. Nc2 Kc6 0-1

[Event "Int. Stuttgarter Stadtmeisterschaft A"]
[Site "Ditzingen"]
[Date "2014.05.31"]
[Round "6.44"]
[White "Recker, Martin"]
[Black "Cerasi, Umberto"]
[Result "1/2-1/2"]
[WhiteElo "1858"]
[BlackElo "2019"]
[PlyCount "84"]
[EventDate "2014.??.??"]
[WhiteTeam "SF Freiberg"]
[BlackTeam "Turm a Sprenger Matt Schifflange"]

1. d4 Nf6 2. Nf3 g6 3. c4 Bg7 4. Nc3 d6 5. g3 O-O 6. Bg2 Nc6 7. O-O a6 8. e4
Bg4 9. Be3 e5 10. d5 Na5 11. Qd3 b6 12. Nd2 Nb7 13. f3 Bd7 14. b4 a5 15. a3 Nh5
16. Nb3 f5 17. Bd2 a4 18. Nc1 f4 19. g4 Nf6 20. Be1 h6 21. Qd1 Nh7 22. Nd3 Bf6
23. Kh1 Kf7 24. Rg1 Rh8 25. Bf1 Bh4 26. Ra2 Bxe1 27. Qxe1 Ng5 28. Qf2 h5 29.
Ne1 hxg4 30. fxg4 Qf6 31. Nf3 Nxf3 32. Qxf3 Qg5 33. Nd1 Rh4 34. h3 Rah8 35. Rh2
Ke7 36. Nf2 Nd8 37. Bg2 Nf7 38. Qd1 Qf6 39. Bf3 Ng5 40. Kg2 Nf7 41. Rgh1 Ng5
42. Qc2 Rb8 1/2-1/2

[Event "Int. Stuttgarter Stadtmeisterschaft A"]
[Site "Ditzingen"]
[Date "2014.05.31"]
[Round "7.1"]
[White "Gutman, Lev"]
[Black "Ivanisevic, Ivan"]
[Result "1/2-1/2"]
[WhiteElo "2453"]
[BlackElo "2610"]
[PlyCount "34"]
[EventDate "2014.??.??"]
[WhiteTeam "SV Lingen"]

1. Nf3 d5 2. g3 Nc6 3. d4 Bg4 4. Bg2 e6 5. O-O Bd6 6. c4 Nf6 7. cxd5 Nxd5 8.
Nc3 O-O 9. Bg5 Qe8 10. Nb5 f5 11. Nc3 Qh5 12. Nxd5 exd5 13. Qd2 Bb4 14. Qc1
Rae8 15. Be3 Kh8 16. Kh1 Bd6 17. Bf4 Re6 1/2-1/2

[Event "Int. Stuttgarter Stadtmeisterschaft A"]
[Site "Ditzingen"]
[Date "2014.05.31"]
[Round "7.2"]
[White "Ikonnikov, Vyacheslav"]
[Black "Kvetny, Mark"]
[Result "1/2-1/2"]
[WhiteElo "2570"]
[BlackElo "2257"]
[PlyCount "106"]
[EventDate "2014.??.??"]
[WhiteTeam "SF Bad Mergentheim"]
[BlackTeam "Stuttgarter SF 1879"]

1. d4 Nf6 2. Nf3 e6 3. c4 d5 4. Nc3 dxc4 5. e4 Bb4 6. Bg5 c5 7. e5 h6 8. exf6
hxg5 9. fxg7 Rg8 10. a3 Bxc3+ 11. bxc3 Nc6 12. Bxc4 cxd4 13. O-O dxc3 14. Qxd8+
Kxd8 15. Nxg5 Rxg7 16. Ne4 Ke7 17. Rac1 Bd7 18. Rxc3 Ne5 19. Be2 Bc6 20. f3 Ng6
21. Re1 Rd8 22. Bf1 Nf4 23. g3 Nd5 24. Rc2 Rg6 25. Nf2 Nb6 26. f4 Rd4 27. Bg2
Bxg2 28. Kxg2 Nd5 29. Rb2 b6 30. Kf3 Ra4 31. Rb3 Rg8 32. Rc1 Rb8 33. Nd3 b5 34.
h4 a5 35. Ne5 Rb7 36. h5 f6 37. Nd3 b4 38. axb4 axb4 39. h6 Ra8 40. g4 Kf7 41.
f5 exf5 42. gxf5 Rh8 43. Rh1 Ne7 44. Ke4 Rh7 45. Rxb4 Rxb4+ 46. Nxb4 Ng8 47.
Ra1 Nxh6 48. Nd5 Rg7 49. Ra7+ Kf8 50. Ra6 Ng4 51. Nxf6 Nxf6+ 52. Rxf6+ Ke7 53.
Ra6 Rg1 1/2-1/2

[Event "Int. Stuttgarter Stadtmeisterschaft A"]
[Site "Ditzingen"]
[Date "2014.05.31"]
[Round "7.3"]
[White "Schröder, Jan-Christian"]
[Black "Perske, Thore"]
[Result "1/2-1/2"]
[WhiteElo "2374"]
[BlackElo "2219"]
[PlyCount "27"]
[EventDate "2014.??.??"]
[WhiteTeam "SV 1920 Hofheim"]
[BlackTeam "Sfr.Heidesheim"]

1. e4 e6 2. d4 d5 3. e5 c5 4. c3 Qb6 5. Nf3 Bd7 6. Be2 Bb5 7. dxc5 Bxc5 8. O-O
Bxe2 9. Qxe2 Qa6 10. Qc2 Nd7 11. b4 Bf8 12. a4 Rc8 13. Ba3 Ne7 14. Re1 1/2-1/2

[Event "Int. Stuttgarter Stadtmeisterschaft A"]
[Site "Ditzingen"]
[Date "2014.05.31"]
[Round "7.4"]
[White "Koop, Thorben"]
[Black "Bräuner, Uwe"]
[Result "1/2-1/2"]
[WhiteElo "2254"]
[BlackElo "2163"]
[PlyCount "104"]
[EventDate "2014.??.??"]
[WhiteTeam "SV Lingen"]
[BlackTeam "SF Pfullingen"]

1. d4 Nf6 2. Nf3 d5 3. c4 e6 4. g3 Be7 5. Bg2 c6 6. Qc2 Nbd7 7. O-O O-O 8. b3
b6 9. Bb2 Bb7 10. Nc3 Rc8 11. Rfd1 Qc7 12. Rac1 a6 13. Qd3 Qb8 14. e4 dxe4 15.
Nxe4 c5 16. Ne5 Nxe5 17. dxe5 Nxe4 18. Bxe4 Bxe4 19. Qxe4 Qc7 20. Kf1 Rcd8 21.
Ke2 Rxd1 22. Rxd1 Rd8 23. Rxd8+ Qxd8 24. Qb7 a5 25. Qc6 Bf8 26. Qe4 Be7 27. a4
Bf8 28. Bc1 Be7 29. Be3 g6 30. h4 h5 31. f3 Kg7 32. Bd2 Kg8 33. Bc3 Bf8 34. Be1
Be7 35. Bf2 Kg7 36. Qd3 Qxd3+ 37. Kxd3 Bf8 38. Ke4 Be7 39. Be3 Kg8 40. f4 Kg7
41. Kf3 Bf8 42. Bf2 Be7 43. g4 hxg4+ 44. Kxg4 Bf8 45. h5 gxh5+ 46. Kxh5 Be7 47.
Bg3 Bd8 48. Bh2 Kh7 49. Bg3 Be7 50. Bh2 Kg7 51. Bg3 Kh7 52. Bh2 Kg7 1/2-1/2

[Event "Int. Stuttgarter Stadtmeisterschaft A"]
[Site "Ditzingen"]
[Date "2014.05.31"]
[Round "7.5"]
[White "Kabisch, Thilo"]
[Black "Gheng, Josef"]
[Result "0-1"]
[WhiteElo "2261"]
[BlackElo "2327"]
[PlyCount "72"]
[EventDate "2014.??.??"]
[WhiteTeam "SK Schmiden/Cannstatt"]
[BlackTeam "SC Erdmannhausen"]

1. e4 c6 2. d4 d5 3. Nc3 dxe4 4. Nxe4 Nd7 5. Nf3 Ngf6 6. Neg5 h6 7. Nh3 Nb6 8.
Nf4 Bg4 9. Be2 g5 10. Ne5 Bxe2 11. Nxe2 Qd5 12. O-O Bg7 13. Be3 Nc4 14. Nxc4
Qxc4 15. b3 Qe6 16. Qd2 Rd8 17. Rae1 Qd6 18. Ng3 Qd7 19. c4 O-O 20. h3 b6 21.
Re2 e6 22. f4 Nh7 23. fxg5 hxg5 24. Kh1 f6 25. Ne4 Qe8 26. Qe1 Qg6 27. Bg1 f5
28. Nd2 Rfe8 29. Nf3 g4 30. Ne5 Bxe5 31. Rxe5 Ng5 32. hxg4 Ne4 33. Rf4 Re7 34.
gxf5 Ng3+ 35. Qxg3 Qxg3 36. Be3 Qe1+ 0-1